000
00343 a2200121 4500
001
ART_40427
005
20260410161942.0
008
260409a
245
1
0
_a
¿El fin del baremo?
100
1
_a
Chara, María J.
700
1
_a
Juárez Campos, Nicolás
773
0
_t
Temas de derecho laboral
_g
- Nº 10 (oct. 2016)
_w
REV27619
999
_c
29604
_d
29604